000 01005nam a22002897a 4500
001 7502
003 FISKH
005 20250829142735.0
008 250722b cb ||||| |||| 00| 0 eng d
020 _a9780531281031
040 _aFISKH
_beng
_cFISKH
_dFISKH
050 _a QH541.R27 B44
082 _a577.34
100 _aBenoit, Peter
245 _aTropical rainforests /
_cBy Peter Benoit
260 _aNew York :
_bChildren's Press ,
_c2011.
300 _a48 pages :
_bcolor illustrations ;
_c22 cm .
490 _aA ture book
505 _aR
520 _aExplains what tropical rain forests are like, looks at the plants and animals that live in rain forests, and includes information on why tropical rain forests are important and what is being done to save them.
521 8 _a730
_bLexile
521 8 _aR
_bRaz-Plus
650 _aRain forest ecology
_vJuvenile Literature
650 _aRain forests
_vJuvenile Literature
942 _2ddc
_cBK
_n0
999 _c7502
_d7502